000 00431nam a2200169 a 4500
001 0000-9214
003 ELIB.Books
008 110520 1988
035 _a(ELIB.Books)0000-9366
082 _a266
_bKan
100 _aKane, J. Herbert
245 _aWanted: World Christians
260 _bGrand Rapids: Baker Book House Company
_c1988
650 _aMission
942 _2ddc
_cBK
998 _cbat
_e2011-05-20
999 _c9214
_d9214